00601nam a22001217a 4500008004100000020001500041050002800056245028100084260004300365300002200408440002600430800002300456140902b xxu||||| |||| 00| 0 eng d a0406092982 aKD277.7.L39(1913 vol.2) a The Law Reports(1913 vol.2) King's Bench division: of the incorporated council of law reporting king's bench division and on appeal therefrom in the court of appeal decisions of the railway and canal commission. / cedited by Sir Frederick Pollock and assisted by A. P. Stone aLondon:bButterworth & Co. Ltd,c1913. axiv,625p.:c24cm. pKing's bench division aPollock, Frederick